Normal view MARC view
  • Jagota S

Entry Personal Name

Number of records used in: 1

001 - CONTROL NUMBER

  • control field: 214922

003 - CONTROL NUMBER IDENTIFIER

  • control field: OSt

005 - DATE AND TIME OF LATEST TRANSACTION

  • control field: 20251113233337.0

008 - FIXED-LENGTH DATA ELEMENTS

  • fixed length control field: 251113|| aca||aabn | a|a d

040 ## - CATALOGING SOURCE

  • Original cataloging agency: OSt
  • Transcribing agency: OSt

100 ## - HEADING--PERSONAL NAME

  • Personal name: Jagota S

670 ## - SOURCE DATA FOUND

  • Source citation: Work cat.: (OSt)86390: Jagota S, Foundation of Success, 2007